Normal view
MARC view
- Gasinski, Leszek Papageorgiou, Nikolaos S
Entry Personal Name
001 - CONTROL NUMBER
- control field: 60319
003 - CONTROL NUMBER IDENTIFIER
- control field: NUST
005 - DATE AND TIME OF LATEST TRANSACTION
- control field: 20210628202524.0
008 - FIXED-LENGTH DATA ELEMENTS
- fixed length control field: 210628|| aca||aabn | a|a d
040 ## - CATALOGING SOURCE
- Original cataloging agency: NUST
- Transcribing agency: NUST
100 ## - HEADING--PERSONAL NAME
- Personal name: Gasinski, Leszek Papageorgiou, Nikolaos S
670 ## - SOURCE DATA FOUND
- Source citation: Work cat.: (NUST): Gasinski, Leszek Papageorgiou, Nikolaos S, Nonlinear analysis vol:9, 2005
